000 00352nam a2200145 a 4500
008
020 _a1860993109
245 1 0 _aMajor companies of Europe 2003
_n Volume6
907 _a.b10185938
_b16-01-06
_c16-01-06
003
005 20230123134141.0
040 _cNUST
049 _aMAIN
942 _cBOOKS
999 _c160915
_d160915